00574nam a22001937a 450000500170000001000270001702000270004403500140007103700170008503700140010208200120011610000160012824500750014426000370021927000560025630000380031250000240035070000060037420180907140154.0 a1718EN-30 ENG-124126 a9788182749252c2450.00 aEN-107658 bPragatiadpl bDBAD/PUB. a759.954 aHanda, O.C. aThe colours of earth;cby O.C.Handaba study of Indian folk painting / aNew DelhibPentagon Press c2017 a206, Peacock Lane, Shahpur Jat bNew Delhi e110049v axx,304p.c23cm(Hb)bill.(col.pic) aIt includes index  a